Регионална библиотека "Любен Каравелов" - Русе

Планински лимон (Запис номер 195493)

MARC детайли
000 -Лидер
Контролно поле с фиксирана дължина 01502nam a2200409 c 4500
003 - Код на организацията, давaща контролен номер
Контролно поле BLK
005 - Дата и час на последна редакция
Контролно поле 20240626134920.0
008 - Елементи от данни с фиксирана дължина
fixed length control field 180411b bul|||||r ||||||| ||bul||
010 ## - Наследен системен номер
LC control number KNG00204745000
020 ## - Международен стандартен номер на книга ISBN
Международен стандартен номер на книга ISBN 978-619-7237-08-5
040 ## - Източник на каталожния запис
Идентификатор на билиотеката - собственик на записа BLK
041 ## - Код за език
Код за езика на текст/звукозапис или на отделно заглавие Български
Код за езика КДБФ Български
072 #7 - Код за тематичната категория
Код организация bullib
Код за тематична категория Н63
Текст Селско стопанство Н
080 ## - УДК
Текстов определител УДК Семкови плодови растения - Ябълка, круша, дюля, мушмула и др.
УДК код - определител по УДК 634.10
УДК определител :631.5
УДК - код + определител 634.10:631.5
100 1# - Редна дума - Автор
Автор Орешков, Веселин Цочев
Авторска отговорност първи автор
R(LIN) 333781
139 ## - Редно поле
Редна дума Орешков, Веселин Цочев
Авторски знак Оре - О 69
245 10 - Сведения за заглавието
Заглавие Планински лимон
Редно поле (дума) Веселин Цочев Орешков.
250 ## - Област на изданието
Сведения за изданието 2. доп. изд.
257 ## - Страна на издаване
Страна на създаване/издаване България
260 ## - Област на издателските данни
Име на издателя, разпространителя и проч. Розова зора - Тракия
Година на издаване 2016
Печатница София : Скала
300 ## - Физическа характеристика
Страници 63 с.
Илюстрации и др. с ил.
Размери/Мащаб 19 см
380 ## - Жанр
Жанр Селско стопанство
500 ## - Общи забележки
Забележка Изд. на planinski.com - показалец за Естествен живот
650 #4 - Допълнително описание по предмет – тема
Основно описание – тема или топоним Лимон - отглеждане
9 (RLIN) 309243
653 ## - Ключова дума – ненормативна
Ключова дума лимони
653 ## - Ключова дума – ненормативна
Ключова дума нови производства
653 ## - Ключова дума – ненормативна
Ключова дума агротехника
659 ## - Тематичен бюлетин
Тематичен бюлетин Н
852 ## - Местоположение
Форматна сигнатура Цб 285109
852 ## - Местоположение
Фондова буква Заемна - подръчен фонд
Систематично-азбучна сигнатура 634.1/О-69 В
856 4# - Електронен адрес и достъп
Електронен формат pdf - файл
856 4# - Електронен адрес и достъп
Електронен формат pdf - файл
942 ## - АРТИКУЛИ
Вид на библиотечния материал Книги
Скрит в OPAC Не
944 ## - СЪЗДАВАНЕ И РЕДАКЦИЯ на ЗАПИСА
Създаване/Редакция Създаване
Дата на регистрацията/редакция 07.04.2017
Служител, извършил регистрацията/редакцията 30570
Статус, дата на статуса Моника Янева
944 ## - СЪЗДАВАНЕ И РЕДАКЦИЯ на ЗАПИСА
Създаване/Редакция Редакция
Дата на регистрацията/редакция 17.05.2017
Служител, извършил регистрацията/редакцията Грета_Цуфелде
944 ## - СЪЗДАВАНЕ И РЕДАКЦИЯ на ЗАПИСА
Създаване/Редакция Редакция
Служител, извършил регистрацията/редакцията М.Я.
999 ## - СИСТЕМНИ КОНТРОЛНИ НОМЕРА
Koha biblionumber 195493
Koha biblioitemnumber 195493
Наличности
Код за отписване Код за изгубен артикул Код за повреда Коз за рестрикции Код за отдаване Артикулен № Име на библиотеката - собственик Име на библиотеката, в която се намира в момента Статус (Текущо местоположение) Дата на вписване в системата Местоположение - отдел Цена в лева Инвентарен номер Систематично азбучна сигнатура Баркод Номер на екземпляра Цена в евро Служебна бележка Служебен тип на артикула Източник на класификационната схема
  Не е изгубен Не е повреден без рестрикции ползва се в читалня 341361 Регионална библиотека "Любен Каравелов" Русе Регионална библиотека "Любен Каравелов" Русе Хранилище 2017-04-07 Хранилище 6.00 120000810016 Цб 285109 120000810016 1 3.07 Дост: Dp Вид: Д N: 11 Дата: 24.02.2017 Книги  
  Не е изгубен Не е повреден   заемане за дома 945720 Регионална библиотека "Любен Каравелов" Русе Регионална библиотека "Любен Каравелов" Русе Заемна - подръчен фонд 2024-07-09 Заемна - подръчен фонд 3.00 120000910862 634.1/О-69 В 120000910862   1.53   Книги Universal Decimal Classification
Vip Innovations Ltd, Rousse, Bulgaria 2025